Archaeological explorations on San Nicolas Island.

Bibliographic Details
Main Author: Bryan, Bruce
Format: Book
Language:English
Published: Los Angeles : Southwest Museum, 1970.
Series:Southwest Museum papers ; no. 22.
Subjects:

MARC

Tag First Indicator Second Indicator Subfields
LEADER 00000cam a2200000 4500
001 in00000479217
005 20151013054618.0
008 710224s1970 cauab b 00000 eng
010 |a  70116453  
035 |a (OCoLC)00120120 
035 |9 ACC3063AM 
040 |a DLC  |c DLC  |d TXA  |d UtOrBLW 
043 |a n-us-ca 
049 |a TXAM  |c [1414362] 
050 0 0 |a F869.L8  |b S65 no. 22 
082 0 |a 917.94/91 
090 |a F868.V5  |b B76 
100 1 |a Bryan, Bruce. 
245 1 0 |a Archaeological explorations on San Nicolas Island. 
264 1 |a Los Angeles :  |b Southwest Museum,  |c 1970. 
300 |a xxii, 160 pages :  |b illustrations, maps. ;  |c 27 cm. 
336 |a text  |b txt  |2 rdacontent 
337 |a unmediated  |b n  |2 rdamedia 
338 |a volume  |b nc  |2 rdacarrier 
490 1 |a Southwest Museum papers, no. 22 
504 |a Bibliography: pages 156-160. 
650 0 |a Indians of North America  |z California  |x Antiquities. 
651 0 |a San Nicolas Island  |x Antiquities. 
830 0 |a Southwest Museum papers ;  |v no. 22. 
999 |a MARS 
999 f f |s 5b560b61-df6b-3f44-97dd-57b95febee48  |i b7bd0926-6b67-378a-a943-6e193e290df1  |t 0 
952 f f |p ric  |a Texas A&M University  |b Rellis Campus  |c Joint Library Facility  |d Remote Storage  |t 0  |e F868.V5 B76  |h Library of Congress classification  |i unmediated -- volume  |m A14802324651 
998 f f |a F868.V5 B76  |t 0  |l Remote Storage